[Event "HUN-chT2 Szechenyi 1314"]
[Site "Hungary"]
[Date "2014.04.27"]
[Round "11.8"]
[White "Domotor, Jozsef"]
[Black "Schleinig, Pal"]
[Result "1/2-1/2"]
[WhiteElo "1991"]
[BlackElo "1954"]
[PlyCount "31"]
[EventDate "2013.09.08"]
[EventType "team-tourn"]
[EventRounds "11"]
[EventCountry "HUN"]
[SourceTitle "EXT 2016"]
[Source "ChessBase"]
[SourceDate "2015.10.08"]
[SourceVersion "1"]
[SourceVersionDate "2015.10.08"]
[SourceQuality "1"]
[WhiteTeam "Zala Volan"]
[BlackTeam "Keszthely Spartacus"]
[WhiteTeamCountry "HUN"]
[BlackTeamCountry "HUN"]

1. d4 Nf6 2. c4 g6 3. Nc3 Bg7 4. e4 d6 5. Nf3 0-0 6. Be2 Bg4 7. Be3 Bxf3 8. Bxf3 e5 9. d5 Nbd7 10. 0-0 a5 11. Qd2 b6 12. b3 Nc5 13. Rad1 Qd7 14. Bh6 Ng4 15. Bxg4 Qxg4 16. Bxg7 1/2-1/2

[Event "HUN-chT2 Szechenyi 1314"]
[Site "Hungary"]
[Date "2013.11.03"]
[Round "4.9"]
[White "Domotor, Jozsef"]
[Black "Kurcsics, Erika"]
[Result "1-0"]
[WhiteElo "1991"]
[BlackElo "1766"]
[PlyCount "103"]
[EventDate "2013.09.08"]
[EventType "team-tourn"]
[EventRounds "11"]
[EventCountry "HUN"]
[SourceTitle "EXT 2016"]
[Source "ChessBase"]
[SourceDate "2015.10.08"]
[SourceVersion "1"]
[SourceVersionDate "2015.10.08"]
[SourceQuality "1"]
[WhiteTeam "Zala Volan"]
[BlackTeam "Lovo"]
[WhiteTeamCountry "HUN"]
[BlackTeamCountry "HUN"]

1. d4 f5 2. Nf3 Nf6 3. g3 e6 4. Bg2 Be7 5. 0-0 0-0 6. b3 d5 7. Bb2 c6 8. Nbd2 Nbd7 9. c4 Ne4 10. Qc1 Ndf6 11. Ne5 Nxd2 12. Qxd2 Ne4 13. Qc2 Bd7 14. a4 Be8 15. f3 Nd6 16. Rad1 Rc8 17. Qd3 a6 18. e3 Nf7 19. Nxf7 Bxf7 20. e4 Bg6 21. Qe2 Qd7 22. Rc1 Rce8 23. cxd5 exd5 24. e5 Bd8 25. Ba3 Be7 26. Bxe7 Rxe7 27. f4 Qd8 28. Qc2 Qb6 29. Qc5 Qxc5 30. Rxc5 Be8 31. a5 Bd7 32. Rfc1 Rb8 33. b4 Ree8 34. Kf2 b6 35. Rxc6 Bxc6 36. Rxc6 bxa5 37. Bxd5+ Kf8 38. bxa5 Rb5 39. Bc4 Rxa5 40. d5 Rb8 41. d6 Ra3 42. e6 Ke8 43. Rc7 Rb2+ 44. Kg1 Ra1+ 45. Bf1 Rb8 46. Rxg7 Kf8 47. Rxh7 Kg8 48. Rc7 Rbb1 49. d7 Rxf1+ 50. Kg2 Rg1+ 51. Kh3 Rad1 52. e7 1-0

[Event "HUN-chT2 Szechenyi 1213"]
[Site "Hungary"]
[Date "2013.02.17"]
[Round "7.7"]
[White "Farkas, Mate"]
[Black "Domotor, Jozsef"]
[Result "1/2-1/2"]
[WhiteElo "1739"]
[BlackElo "2001"]
[PlyCount "30"]
[EventDate "2012.09.16"]
[EventType "team-tourn"]
[EventRounds "11"]
[EventCountry "HUN"]
[SourceTitle "EXT 2014"]
[Source "ChessBase"]
[SourceDate "2013.11.20"]
[SourceVersion "1"]
[SourceVersionDate "2013.11.20"]
[SourceQuality "1"]
[WhiteTeam "Haladas III"]
[BlackTeam "Zala Volan"]
[WhiteTeamCountry "HUN"]
[BlackTeamCountry "HUN"]

1. e4 c5 2. Nf3 d6 3. d4 cxd4 4. Nxd4 Nf6 5. Nc3 a6 6. Bg5 e6 7. f4 Qb6 8. Nb3 Nc6 9. Qd2 Be7 10. 0-0-0 Bd7 11. Be2 Rd8 12. Nd4 Nxd4 13. Qxd4 Qxd4 14. Rxd4 Bc6 15. Bf3 h6 1/2-1/2

[Event "HUN-chT2 Szechenyi 1011"]
[Site "Hungary"]
[Date "2010.10.24"]
[Round "4.9"]
[White "Domotor, Jozsef"]
[Black "Egresi, Mate"]
[Result "0-1"]
[WhiteElo "2013"]
[BlackElo "1833"]
[PlyCount "144"]
[EventDate "2010.09.12"]
[EventType "team-tourn"]
[EventRounds "11"]
[EventCountry "HUN"]
[SourceTitle "EXT 2012"]
[Source "ChessBase"]
[SourceDate "2011.11.24"]
[SourceVersion "1"]
[SourceVersionDate "2011.11.24"]
[SourceQuality "1"]
[WhiteTeam "Zala Volan"]
[BlackTeam "Ajka Banyasz"]
[WhiteTeamCountry "HUN"]
[BlackTeamCountry "HUN"]

1. d4 d5 2. Nf3 Nf6 3. c4 e6 4. Nc3 Be7 5. Bg5 h6 6. Bh4 0-0 7. e3 b6 8. Be2 Bb7 9. Bxf6 Bxf6 10. cxd5 exd5 11. Qb3 c6 12. 0-0 Ba6 13. Bxa6 Nxa6 14. a4 Nb8 15. a5 Nd7 16. Qa4 Qc7 17. Rfc1 Qd6 18. e4 Bd8 19. e5 Qe6 20. Ne2 b5 21. Qc2 Nb8 22. Nf4 Qd7 23. Nd3 Be7 24. Nc5 Bxc5 25. Qxc5 Rc8 26. b4 Qe6 27. Qc3 Nd7 28. Ne1 Rc7 29. Qe3 Rac8 30. Nd3 Qe7 31. f4 Qe6 32. Qf3 Qf5 33. Ra3 Nf8 34. Nc5 Ne6 35. Nxe6 Qxe6 36. f5 Qe7 37. Rc5 Qh4 38. Qf2 Qxf2+ 39. Kxf2 Kf8 40. Rac3 Ke7 41. Kf3 Kd7 42. Kf4 Ke8 43. Rg3 Kf8 44. Rcc3 Kg8 45. Rg4 Kh7 46. h4 Re8 47. h5 f6 48. Re3 Rf7 49. Rh4 Ref8 50. g4 Re8 51. Rh1 Rfe7 52. Rhe1 Kg8 53. Rc1 Rc8 54. Rc2 Kf7 55. Rc1 Kg8 56. Rce1 Rce8 57. R1e2 Kf7 58. Rc2 Rc8 59. Rec3 Rec7 60. exf6 gxf6 61. Re3 Re8 62. Re6 Rxe6 63. fxe6+ Kxe6 64. Re2+ Kf7 65. Kf5 Re7 66. Rxe7+ Kxe7 67. Kg6 c5 68. bxc5 b4 69. Kxh6 b3 70. Kg7 b2 71. h6 b1Q 72. h7 Qe4 0-1

[Event "HUN-chT2 Szechenyi 0708"]
[Site "Hungary"]
[Date "2008.03.30"]
[Round "9"]
[White "Foki, Robert"]
[Black "Domotor, Jozsef"]
[Result "1-0"]
[WhiteElo "1903"]
[BlackElo "2052"]
[PlyCount "95"]
[EventDate "2007.10.14"]
[EventType "team-tourn"]
[EventRounds "11"]
[EventCountry "HUN"]
[SourceTitle "EXT 2009"]
[Source "ChessBase"]
[SourceDate "2008.11.26"]
[SourceVersion "1"]
[SourceVersionDate "2008.11.26"]
[SourceQuality "1"]
[WhiteTeam "Arboretum"]
[BlackTeam "Kertvaros"]
[WhiteTeamCountry "HUN"]
[BlackTeamCountry "HUN"]

1. d4 Nf6 2. Nf3 d6 3. g3 g6 4. Bg2 Bg7 5. 0-0 0-0 6. Nbd2 Nbd7 7. e4 e5 8. c3 Re8 9. Re1 Qe7 10. Qc2 c6 11. b3 Bf8 12. Ba3 Qd8 13. Nc4 Qc7 14. dxe5 dxe5 15. Bxf8 Nxf8 16. Rad1 Bg4 17. Rd6 Bxf3 18. Rxf6 Bg4 19. h3 Be6 20. Qe2 Rad8 21. Ne3 Nd7 22. Rf3 Nc5 23. Ng4 Bxg4 24. hxg4 Qd7 25. Qc4 Ne6 26. Rfe3 b5 27. Qf1 g5 28. Bf3 a5 29. Qh3 f6 30. Kg2 Qg7 31. a4 Rd2 32. Be2 Rb8 33. axb5 cxb5 34. Ra1 Qa7 35. Qh5 Nf4+ 36. gxf4 exf4 37. Rf3 Rxe2 38. Rd1 Qe7 39. Qh6 Rf8 40. Kf1 Rxe4 41. Rfd3 Qg7 42. Qh1 Rfe8 43. Qf3 Qe7 44. Kg2 Qe6 45. Rd6 Qf7 46. Rd7 R8e7 47. Rd8+ Re8 48. Qxe4 1-0

[Event "HUN-chT2 Szechenyi 0607"]
[Site "Hungary"]
[Date "2007.04.29"]
[Round "9"]
[White "Domotor, Jozsef"]
[Black "Farkas, Gabor"]
[Result "0-1"]
[WhiteElo "2092"]
[BlackElo "2184"]
[PlyCount "102"]
[EventDate "2006.11.12"]
[EventType "team-tourn"]
[EventRounds "11"]
[EventCountry "HUN"]
[SourceTitle "EXT 2008"]
[Source "ChessBase"]
[SourceDate "2007.11.25"]
[SourceVersion "1"]
[SourceVersionDate "2007.11.25"]
[SourceQuality "1"]
[WhiteTeam "Kertvaros"]
[BlackTeam "Haladas II"]
[WhiteTeamCountry "HUN"]
[BlackTeamCountry "HUN"]

1. d4 d5 2. Nf3 c6 3. e3 Bg4 4. c4 e6 5. Nbd2 Nd7 6. Qb3 Qb6 7. h3 Bh5 8. Be2 Ngf6 9. 0-0 Be7 10. Qc2 0-0 11. b3 Bxf3 12. Bxf3 e5 13. dxe5 Nxe5 14. Bb2 Nxf3+ 15. Nxf3 Rad8 16. Rad1 dxc4 17. Qxc4 Qa5 18. Bc3 Qh5 19. Qa4 Nd5 20. Be5 a6 21. e4 Nf6 22. Bc7 Rc8 23. Bd6 Rfe8 24. Be5 Rcd8 25. Bc7 Rd7 26. Rxd7 Nxd7 27. Rd1 Nf8 28. Bg3 Qb5 29. Qd4 Qa5 30. Qd2 Qxd2 31. Rxd2 Bb4 32. Rd1 Rxe4 33. Rd8 f6 34. Rb8 Re7 35. Nd4 Bc5 36. Nf5 Rd7 37. Kf1 Kf7 38. Ke2 Ne6 39. Ne3 Nd4+ 40. Kf1 Nb5 41. Nc4 Nc3 42. Kg1 Nxa2 43. Na5 Nc1 44. Nxb7 Nxb3 45. Nd8+ Rxd8 46. Rxd8 a5 47. Ra8 Bb4 48. Kf1 c5 49. Bf4 c4 50. Ke2 Nd4+ 51. Kd1 c3 0-1

[Event "HUN-chT2 Szechenyi 0607"]
[Site "Hungary"]
[Date "2007.03.04"]
[Round "6"]
[White "Domotor, Jozsef"]
[Black "Horvath, Adam2"]
[Result "1-0"]
[WhiteElo "2092"]
[BlackElo "2079"]
[PlyCount "39"]
[EventDate "2006.11.12"]
[EventType "team-tourn"]
[EventRounds "11"]
[EventCountry "HUN"]
[SourceTitle "EXT 2008"]
[Source "ChessBase"]
[SourceDate "2007.11.25"]
[SourceVersion "1"]
[SourceVersionDate "2007.11.25"]
[SourceQuality "1"]
[WhiteTeam "Kertvaros"]
[BlackTeam "Tapolca Varju"]
[WhiteTeamCountry "HUN"]
[BlackTeamCountry "HUN"]

1. Nf3 Nf6 2. c4 e6 3. d4 c5 4. Nc3 a6 5. e4 cxd4 6. Nxd4 Bb4 7. Bd3 0-0 8. Nc2 Nc6 9. Be3 Qc7 10. Nxb4 Nxb4 11. Be2 b6 12. a3 Nc6 13. Rc1 Bb7 14. f3 Ne7 15. Qd4 Nc8 16. 0-0 e5 17. Qd2 Ne8 18. Rfd1 Ned6 19. Nd5 Bxd5 20. Qxd5 1-0

[Event "HUN-chT2 Szechenyi 0607"]
[Site "Hungary"]
[Date "2006.11.26"]
[Round "2"]
[White "Domotor, Jozsef"]
[Black "Katona, Janos"]
[Result "1/2-1/2"]
[WhiteElo "2092"]
[BlackElo "2050"]
[PlyCount "20"]
[EventDate "2006.11.12"]
[EventType "team-tourn"]
[EventRounds "11"]
[EventCountry "HUN"]
[SourceTitle "EXT 2008"]
[Source "ChessBase"]
[SourceDate "2007.11.25"]
[SourceVersion "1"]
[SourceVersionDate "2007.11.25"]
[SourceQuality "1"]
[WhiteTeam "Kertvaros"]
[BlackTeam "Sarvar"]
[WhiteTeamCountry "HUN"]
[BlackTeamCountry "HUN"]

1. d4 d5 2. Nf3 Nf6 3. c4 c6 4. e3 e6 5. Nc3 Nbd7 6. Qc2 Bd6 7. Bd3 0-0 8. 0-0 dxc4 9. Bxc4 Qe7 10. Bd2 e5 1/2-1/2